Grammar for PET with Answers, CD 1, CD 2 Grammar

Sparad:
Bibliografiska uppgifter
Huvudupphovsman: Hashemi, Louise
Materialtyp: Okänd
Språk:English
Publicerad: Cambridge University Press 2006
Ämnen:
Taggar: Lägg till en tagg
Inga taggar, Lägg till första taggen!
Thư viện lưu trữ: Mạng thư viện Đại học Đà Nẵng
LEADER 00906na a2200253 4500
001 000031849
003 7366
005 20151001093534.0
008 151001s2006 000 eng
020 |a 0521601207 
082 |a 420.4  |b HA-L  |2 Grammar 
100 |a Hashemi, Louise 
245 |a Grammar for PET with Answers, CD 1, CD 2  |c Louise Hashemi, Barbara Thomas  |n Grammar 
260 |a Cambridge University Press  |c 2006 
650 |a Grammar for PET with Answers, PET, 2006, GRAMMAR, CD 
OWN |a LNN 
AVA |a UDN50  |b LNN  |d 420.4 HA-L  |e available  |t Error 5001 Not defined in file expand_doc_bib_avail.  |f 2  |g 0  |h N  |i 0  |k 1 
999 |a From the UDN01 
AVA |a UDN50  |b LNN  |d 420.4 HA-L  |e available  |t Error 5001 Not defined in file expand_doc_bib_avail.  |f 2  |g 0  |h N  |i 0  |k 1 
TYP |a Printed language 
980 |a Mạng thư viện Đại học Đà Nẵng